| 000 | 00766nas a2200241 4500 | ||
|---|---|---|---|
| 001 | BR7601420 | ||
| 003 | BR-BrBNA | ||
| 005 | 20231205082936.0 | ||
| 007 | ta | ||
| 008 | 230509b bl.|||p| |||| 00| 00por d | ||
| 040 |
_aBR-BrBNA _bpor _cBiblioteca Nacional de Agricultura |
||
| 041 | _a(Pt) | ||
| 072 | _aH20 | ||
| 100 | 1 | _aMedeiros, A.G. (Centro de Pesquisas do Cacau, Ilheus, BA (Brazil)) | |
| 245 | 1 | _aControle da podridao parda do cacaueiro com fungicidas a baixo volume [Brasil] | |
| 650 | _aPODRIDAO PARDA | ||
| 650 | _aCACAU | ||
| 650 | _aFUNGICIDA | ||
| 650 | _aCONTROLE QUIMICO | ||
| 773 | 0 |
_tCacau Atualidades (Brazil) _xISSN 0007-9340 _g(Jan 1976), v. 13(1) p. 21-23 _wBR7601420 |
|
| 909 |
_a202311 _bLúcia _c55 _dLúcia Elande |
||
| 942 |
_2AGRIS _n0 _cANA |
||
| 999 |
_c95264 _d95264 |
||